Wisdom of the elders: (Record no. 44627)
[ view plain ]
| 000 -LEADER | |
|---|---|
| fixed length control field | 00814 a2200205 4500 |
| 008 - FIXED-LENGTH DATA ELEMENTS--GENERAL INFORMATION | |
| fixed length control field | 150513b xxu||||| |||| 00| 0 eng d |
| 020 ## - INTERNATIONAL STANDARD BOOK NUMBER | |
| International Standard Book Number | 9789966022042 |
| 050 ## - LIBRARY OF CONGRESS CALL NUMBER | |
| Classification number | PN56.K36 |
| Item number | W35 2014 |
| 100 ## - MAIN ENTRY--PERSONAL NAME | |
| Personal name | Wakhungu-Githuku, Susan. |
| 245 ## - TITLE STATEMENT | |
| Title | Wisdom of the elders: |
| Remainder of title | personal reflection of over 70 Kenyans who have lived through changing times / |
| Statement of responsibility, etc | compiled by: Susan Wakhungu-Githuku ; photography by: Bobby Pall. |
| 260 ## - PUBLICATION, DISTRIBUTION, ETC. (IMPRINT) | |
| Name of publisher, distributor, etc | Footprints Press, |
| Date of publication, distribution, etc | 2014 |
| Place of publication, distribution, etc | Nairobi, Kenya : |
| 300 ## - PHYSICAL DESCRIPTION | |
| Extent | 668 pages ; |
| Other physical details | ill. ports |
| Dimensions | 26 cm |
| 650 ## - SUBJECT ADDED ENTRY--TOPICAL TERM | |
| Topical term or geographic name as entry element | Older people |
| Form subdivision | Interviews. |
| Geographic subdivision | Kenya |
| 650 ## - SUBJECT ADDED ENTRY--TOPICAL TERM | |
| Topical term or geographic name as entry element | Older people |
| Form subdivision | Biography. |
| Geographic subdivision | Kenya |
| 650 ## - SUBJECT ADDED ENTRY--TOPICAL TERM | |
| Topical term or geographic name as entry element | Kenya |
| General subdivision | History. |
| 650 ## - SUBJECT ADDED ENTRY--TOPICAL TERM | |
| Topical term or geographic name as entry element | Successful people |
| Form subdivision | Biography |
| 650 ## - SUBJECT ADDED ENTRY--TOPICAL TERM | |
| Topical term or geographic name as entry element | Biography |
| Chronological subdivision | 20th century |
| 700 ## - ADDED ENTRY--PERSONAL NAME | |
| Personal name | Pall, Boby |
| Titles and other words associated with a name | Photography |
| 942 ## - ADDED ENTRY ELEMENTS (KOHA) | |
| Item type | Book |
| Source of classification or shelving scheme | Library of Congress Classification |
| Withdrawn status | Lost status | Source of classification or shelving scheme | Damaged status | Not for loan | Collection code | Home library | Current library | Shelving location | Date acquired | Source of acquisition | Cost, normal purchase price | Full call number | Barcode | Copy number | Price effective from | Koha item type |
|---|---|---|---|---|---|---|---|---|---|---|---|---|---|---|---|---|
| Library of Congress Classification | Not For Loan | Reference | Bishop Okullu Memorial Library (Limuru Campus) | Bishop Okullu Memorial Library (Limuru Campus) | Reference | 13/05/2015 | Purchase | 4500.00 | REF PN56.K36 W35 2014 | 043753 | 1 | 13/05/2015 | Book |